000 00681nam a2200277Ia 4500
005 20260324133516.0
008 008 260324s9999 xx 000 0 eng d
020 _a9781315191775
037 _aEBOOK
040 _aCRL
040 _beng
040 _cCRL
041 _2eng
041 _aeng
084 _qCRL
100 _aJan Hjarnø
_91193364
245 0 _aIllegal Immigrants and Developments in Employment in the Labour Markets of the EU
260 _bTaylor and Francis
260 _c2003
365 _a
365 _b145
856 _uhttp://www.taylorfrancis.com/books/9781315191775
942 _cEBOOK
999 _c1792458
_d1792458